[Event "LITOMYSL OPEN 2019 A - FIDE open"]
[Site "Litomysl, Domov mladeze VOSP a"]
[Date "2020.01.01"]
[Round "9"]
[White "Toman, Jan"]
[Black "Kosior, Jan"]
[Result "1-0"]
[WhiteElo "2091"]
[BlackElo "1537"]
[PlyCount "93"]
[EventDate "2019.12.26"]

1. d4 Nf6 2. c4 e6 3. Nf3 d5 4. Nc3 c6 5. Bg5 Nbd7 6. e3 Qa5 7. Bh4 Bb4 8. Qb3
Ne4 9. Rc1 Nb6 10. a3 Bxc3+ 11. bxc3 Na4 12. Qb4 Qxb4 13. cxb4 dxc4 14. Bxc4 f6
15. Bd3 Nd6 16. Bg3 Nf7 17. O-O O-O 18. Rb1 Bd7 19. Rfc1 Rfc8 20. Nd2 Nb6 21.
Nb3 Na4 22. Bc4 b6 23. Ba6 Rf8 24. Bb7 Rad8 25. Bxc6 Bxc6 26. Rxc6 e5 27. Rc7
a5 28. Rbc1 axb4 29. axb4 exd4 30. Nxd4 Rfe8 31. Kf1 Ng5 32. Ra7 Nb2 33. Rcc7
Ne4 34. Rxg7+ Kh8 35. Rxh7+ Kg8 36. Rag7+ Kf8 37. Rd7 Rxd7 38. Rxd7 Ra8 39. Ke2
Ra2 40. Kf3 Nxg3 41. Kxg3 Ke8 42. Rd6 Ke7 43. Rxb6 Nd3 44. f3 Ne1 45. Nf5+ Kf7
46. Nh4 Re2 47. e4 1-0

[Event "LITOMYSL OPEN 2019 A - FIDE open"]
[Site "Litomysl, Domov mladeze VOSP a"]
[Date "2020.01.01"]
[Round "9"]
[White "Houska, Bronislav"]
[Black "Topola, Rafal"]
[Result "1-0"]
[WhiteElo "1989"]
[BlackElo "1754"]
[PlyCount "72"]
[EventDate "2019.12.26"]

1. c4 e5 2. g3 c5 3. Bg2 Nc6 4. Nc3 g6 5. Nf3 Bg7 6. O-O Nge7 7. Ne1 f5 8. Nc2
d6 9. a3 Be6 10. Ne3 O-O 11. b4 cxb4 12. axb4 Nxb4 13. Qa4 Nbc6 14. Ba3 e4 15.
Rab1 Qa5 16. Qxa5 Nxa5 17. Bxd6 Rfe8 18. Nb5 Nec6 19. Nc7 Bxc4 20. Nxc4 Nxc4
21. Bf4 Nd4 22. Rfe1 Na3 23. Nxe8 Rxe8 24. Rxb7 Nac2 25. Reb1 Nxe2+ 26. Kf1
Nxf4 27. gxf4 Bd4 28. Rc7 Na3 29. Rb3 Bb6 30. Rc6 Rd8 31. Ke2 Rd3 32. Rxd3
exd3+ 33. Kxd3 Nb5 34. Kc4 Nc7 35. d4 Kf7 36. d5 Ke8 1-0

[Event "LITOMYSL OPEN 2019 A - FIDE open"]
[Site "Litomysl, Domov mladeze VOSP a"]
[Date "2020.01.01"]
[Round "9"]
[White "Galvanek, Ladislav"]
[Black "Svoboda, Frantisek"]
[Result "1-0"]
[WhiteElo "1966"]
[BlackElo "1611"]
[PlyCount "61"]
[EventDate "2019.12.26"]

1. d4 d6 2. Bf4 g6 3. e3 Bg7 4. Nf3 Nd7 5. h3 e5 6. Bh2 e4 7. Nfd2 f5 8. c4 Qe7
9. Nc3 Ngf6 10. Be2 Nb6 11. O-O Bd7 12. Rc1 Be6 13. c5 dxc5 14. Nb5 Nbd5 15.
Rxc5 O-O 16. Nxc7 Nxc7 17. Rxc7 Qb4 18. Bc4 Bxc4 19. Nxc4 Rfc8 20. a3 Rxc7 21.
axb4 Rxc4 22. Qb3 b5 23. Rc1 Rac8 24. Rxc4 Rxc4 25. Bd6 Ne8 26. Bc5 Bf8 27. Qa2
Bd6 28. g3 Bb8 29. Qa6 Rc1+ 30. Kg2 Rc2 31. Qe6+ 1-0

[Event "LITOMYSL OPEN 2019 A - FIDE open"]
[Site "Litomysl, Domov mladeze VOSP a"]
[Date "2020.01.01"]
[Round "9"]
[White "Starosciak, Szymon"]
[Black "Macek, Ondrej"]
[Result "1/2-1/2"]
[WhiteElo "1729"]
[BlackElo "1934"]
[PlyCount "72"]
[EventDate "2019.12.26"]

1. e4 c6 2. d4 d5 3. exd5 cxd5 4. Bd3 Nc6 5. c3 g6 6. h3 Bf5 7. Be2 Nf6 8. Nf3
Bg7 9. O-O O-O 10. Bf4 Ne4 11. Nbd2 Nd6 12. Qb3 Be6 13. Ng5 Qd7 14. Nxe6 fxe6
15. Bh2 Kh8 16. Nf3 a6 17. a4 Nf7 18. Rad1 Rad8 19. Rfe1 e5 20. dxe5 Nfxe5 21.
Nxe5 Bxe5 22. Bf3 Bxh2+ 23. Kxh2 e6 24. Kg1 Qf7 25. Re2 Rfe8 26. c4 dxc4 27.
Qc3+ Qg7 28. Qxg7+ Kxg7 29. Rxd8 Nxd8 30. Re4 b5 31. axb5 axb5 32. Re5 b4 33.
Rc5 c3 34. bxc3 bxc3 35. Rxc3 Nf7 36. Rc7 Kf6 1/2-1/2